<?xml version="1.0" encoding="UTF-8"?>
<collection xmlns="http://www.loc.gov/MARC21/slim">
    <record>
        <controlfield tag="001">78032</controlfield>
        <controlfield tag="005">20201006083422.0</controlfield>
        <datafield tag="024" ind1="8" ind2=" ">
            <subfield code="2">sideral</subfield>
            <subfield code="a">109394</subfield>
        </datafield>
        <datafield tag="037" ind1=" " ind2=" ">
            <subfield code="a">ART-2017-109394</subfield>
        </datafield>
        <datafield tag="041" ind1=" " ind2=" ">
            <subfield code="a">eng</subfield>
        </datafield>
        <datafield tag="100" ind1=" " ind2=" ">
            <subfield code="a">Lopez-Subias, Jorge</subfield>
        </datafield>
        <datafield tag="245" ind1=" " ind2=" ">
            <subfield code="a">Stress fracture of the lamina: a diagnosis of suspicion</subfield>
        </datafield>
        <datafield tag="260" ind1=" " ind2=" ">
            <subfield code="c">2017</subfield>
        </datafield>
        <datafield tag="506" ind1="0" ind2=" ">
            <subfield code="a">Access copy available to the general public</subfield>
            <subfield code="f">Unrestricted</subfield>
        </datafield>
        <datafield tag="520" ind1="3" ind2=" ">
            <subfield code="a">Lumbar laminolysis, a stress fracture of the lamina, is one of the causes of chronic low back pain in adolescents. Its prevalence is very low, and it is described as an incidental fi nding in most cases. The authors report the case of a 14-year-old girl with a symptomatic stress fracture of the left lamina of the fi fth lumbar vertebra. Recent advances in diagnostic tools and techniques enable early diagnosis.Multimodal radiological examinations of the whole lumbar spine are recommended in cases of symptomatic patients with low back pain who do not respond to initial treatment with basic physiotherapy or analgesic medical treatment. Knowledge of laminolysis in adolescent patients with low back pain is necessary to prevent it from being overlooked or late diagnosis. In almost all cases, conservative treatment may be suffi cient to achieve bone healing.</subfield>
        </datafield>
        <datafield tag="540" ind1=" " ind2=" ">
            <subfield code="9">info:eu-repo/semantics/openAccess</subfield>
            <subfield code="a">by</subfield>
            <subfield code="u">http://creativecommons.org/licenses/by/3.0/es/</subfield>
        </datafield>
        <datafield tag="655" ind1=" " ind2="4">
            <subfield code="a">info:eu-repo/semantics/article</subfield>
            <subfield code="v">info:eu-repo/semantics/publishedVersion</subfield>
        </datafield>
        <datafield tag="700" ind1=" " ind2=" ">
            <subfield code="0">(orcid)0000-0002-1563-9136</subfield>
            <subfield code="a">Gil Albarova, Jorge Mariano</subfield>
            <subfield code="u">Universidad de Zaragoza</subfield>
        </datafield>
        <datafield tag="700" ind1=" " ind2=" ">
            <subfield code="a">Lillo-Adan, Marina</subfield>
        </datafield>
        <datafield tag="700" ind1=" " ind2=" ">
            <subfield code="0">(orcid)0000-0002-1190-3067</subfield>
            <subfield code="a">Gómez-Palacio, Victoria Eugenia</subfield>
        </datafield>
        <datafield tag="710" ind1="2" ind2=" ">
            <subfield code="1">1004</subfield>
            <subfield code="2">830</subfield>
            <subfield code="a">Universidad de Zaragoza</subfield>
            <subfield code="b">Dpto. Cirugía,Ginecol.Obstetr.</subfield>
            <subfield code="c">Área Traumatología y Ortopedia</subfield>
        </datafield>
        <datafield tag="773" ind1=" " ind2=" ">
            <subfield code="g">2, 2 (2017), 38-41</subfield>
            <subfield code="p">Open j. pediatr. neonatal care</subfield>
            <subfield code="t">Open journal of pediatrics &amp; neonatal care</subfield>
            <subfield code="x">2639-7072</subfield>
        </datafield>
        <datafield tag="856" ind1="4" ind2="1">
            <subfield code="u">https://www.scireslit.com/Pediatrics/OJPNC-ID18.pdf</subfield>
            <subfield code="z">Texto completo de la revista</subfield>
        </datafield>
        <datafield tag="856" ind1="4" ind2=" ">
            <subfield code="s">298594</subfield>
            <subfield code="u">http://zaguan.unizar.es/record/78032/files/texto_completo.pdf</subfield>
            <subfield code="y">Versión publicada</subfield>
        </datafield>
        <datafield tag="856" ind1="4" ind2=" ">
            <subfield code="s">51148</subfield>
            <subfield code="u">http://zaguan.unizar.es/record/78032/files/texto_completo.jpg?subformat=icon</subfield>
            <subfield code="x">icon</subfield>
            <subfield code="y">Versión publicada</subfield>
        </datafield>
        <datafield tag="909" ind1="C" ind2="O">
            <subfield code="o">oai:zaguan.unizar.es:78032</subfield>
            <subfield code="p">articulos</subfield>
            <subfield code="p">driver</subfield>
        </datafield>
        <datafield tag="951" ind1=" " ind2=" ">
            <subfield code="a">2020-10-06-08:31:13</subfield>
        </datafield>
        <datafield tag="980" ind1=" " ind2=" ">
            <subfield code="a">ARTICLE</subfield>
        </datafield>
    </record>

    
</collection>